000 01341nam a2200421 b 4500
001 00211
003 DO-SdBNP
005 20180117114947.0
007 00211
008 060619s2006 mx | ||| ||spa
016 7 _a
_2BPMSU
017 _a
_b
020 _a9789707704241
035 _a
040 _aBPMSU
_bspa
_cBPMSU
_e
041 1 _aspa
_h
080 0 _a
080 0 _a
082 _a923.151
_bT882C
100 1 _a Jung, Chang,
_d1952-
240 1 0 _aMao
_lEspañol
245 1 0 _aMao :
_h
_bla historia desconocida /
_cJung Chang, Jon Halliday ; traducción de Amado Diéguez y Victoria E. Gordo del Rey
260 0 _aMéxico, D.F. :
_bTaurus,
_c2006
_g(reimpresión, 2010)
300 _a1029 p. :
_bil.;
_c25 cm
490 1 _aMemorias y biografías
500 _aIncluye índice
500 _aIncluye datos biográficos del autor en la solapa de la cubierta
504 _aBibliografía: p. 909-974. Índice
600 1 4 _a MAO, TSE-TUNG
_d1893-1976
_2
650 4 _aJEFES DE ESTADO
_zCHINA
_xBIOGRAFÍAS
651 4 _aCHINA
_xPOLÍTICA Y GOBIERNO
_y1949-1976
700 1 2 _aHalliday, Jon
830 0 _aMemorias y biografías (Taurus Ediciones)
910 _aValidado. Control de calidad MFF
942 _2ddc
_cBK
945 _aInventariado, 2018/MFF
956 _aVMATEO
_b10
_c20160906
_dBPMSU
_f0069
999 _c11337
_d11337